| 000 | 00436nam a2200181Ia 4500 | ||
|---|---|---|---|
| 005 | 20240823055635.0 | ||
| 008 | 240823s9999||||xx |||||||||||||| ||und|| | ||
| 041 | _aENGLISH | ||
| 082 | _A365.973 Q4 | ||
| 100 | _a"Blackburn,Ashley G" | ||
| 245 | 0 | _aPrisons : Today and Tomorrow | |
| 250 | _a3rd | ||
| 260 |
_c2014 _bJones & Bartlett Lea |
||
| 500 | _aYES | ||
| 650 |
_aCriminal Justice _bGeneral |
||
| 942 | _cBK | ||
| 999 |
_c229256 _d229256 |
||